00523nam a2200145 4500020001800000082002300018084002500041100002200066245006200088260004700150300001100197942001200208999001900220952013800239 a9789395449441 a658.562Log DEV/E 2Colon Classification aDev, Bal Krishan  aEffective shipping and port management /cBal Krishan Dev a New Delhi :b Pinakin Publishing, c2023. a293p.: 2ddccBK c749875d749875 00102ddc4070aIMKbIMKcGENd2025-06-21l1o658.562Log DEV/EpIMK17638r2026-02-09 09:10:27s2025-10-13v2595.00w2025-06-21yBK